| 000 | 00000nam 2200000za 4500 |
| 001 | 9.828917 |
| 003 | CaOODSP |
| 005 | 20221107145148 |
| 007 | cr ||||||||||| |
| 008 | 161209s1907 onc #os f001 0 eng d |
| 040 | |aCaOODSP|beng |
| 041 | |aeng|afre |
| 043 | |an-cn-ab|an-cn-sn|an-cn-mb |
| 045 | |ax0x0 |
| 086 | 1 |aCS98-1906-2-PDF|zCS98-1906 (G) |
| 245 | 00|aCensus of population and agriculture of the Northwest provinces-- Manitoba, Saskatchewan, Alberta, 1906 |h[electronic resource]. |
| 246 | 15|aRecensement de la population et de l'agriculture des provinces du Nord-Ouest-- Manitoba, Saskatchewan, Alberta, 1906: |
| 246 | 37|aCensus of population and agriculture of the Northwest provinces, 1906 |
| 246 | 36|aQuinquennial census of the Northwest Provinces |
| 260 | |aOttawa : |b[Census and Statistics Office], |c1907 |f(Printed by S.E. Dawson, Printer to the King's Most Excellent Majesty) |
| 300 | |axxxii, 160, xxxiii, 4 p. |
| 500 | |aAdded t.p. title: Recensement de la population et de l'agriculture des provinces du Nord-Ouest-- Manitoba, Saskatchewan, Alberta, 1906 |
| 500 | |a"6-7 Edward VII. Sessional paper no. 17a. A. 1907." |
| 500 | |aHistorical census publication [digitized in 2009 by Statistics Canada.] |
| 504 | |aIncludes index. |
| 520 | 0 |a"The Census and Statistics Act of 1905 provides for taking a general census of Canada in 1911 and every tenth year thereafter, and for a census of population and agriculture in the provinces of Manitoba, Saskatchewan and Alberta in 1906 and every tenth year thereafter. An Office established by authority of the Act, called the Census and Statistics Office, is required to take each census under the direction of the Minister of Agriculture, according to forms and instructions approved by the Minister and on a date in the month of June to be fixed by the Governor in Council. The first census of the three Northwest provinces under the provisions of this Act was taken for the date of June 24, 1906, and the results are embodied in the tables of this report,."--p. ix. |
| 546 | |aText in English and in French. |
| 692 | 07|2gccst|aCensus |
| 692 | 07|2gccst|aAgriculture |
| 692 | 07|2gccst|aPopulation |
| 710 | 1 |aCanada.|bCensus and Statistics Office. |
| 792 | |tCensus of population and agriculture of the Northwest provinces-- Manitoba, Saskatchewan, Alberta, 1906 |efre|w(CaOODSP)9.828929 |
| 856 | 40|qPDF|s10.92 MB|uhttps://publications.gc.ca/collections/collection_2016/statcan/CS98-1906-2.pdf |